00641nam a2200205 a 450000100080000000500110000800800410001910000230006024501180008326000390020130000250024049000320026550000250029765000180032265000260034065000170036665000130038370000210039670000180041710269312026-02-02 2015 bl uuuu 00u1 u #d1 aRADOMSKY, G. F. W. aPesquisa em desenvolvimento ruralbtecnicas, bases de dados e estatistica aplicadas aos estudos rurais: volume 2. aPorto Alegre : Editora UFRGSc2015 a342p.cil.; 23cm. - aEstudos rurais (Ed. UFRGS). aInclui bibliografia. aBase de Dados aDesenvolvimento Rural aEstatística aPesquisa1 aCONTERATO, M. A.1 aSCHNEIDER, S.